000 00598nam a2200193Ii 4500
003 JO-AjNU
008 230605s9999||||xx |||||||||||||| ||und||
040 _aJO-AjNU
_bara
_erda
_cJO-AjNU
041 _aara
050 1 4 _aB821 J3548
100 3 _aالجمال، سمير يحيى,
_eauthor
_942577
245 0 0 _aالإنسان ذلك المخلوق العجيب
264 3 1 _aالقاهرة:مكتبة مدبولي ، د.ت
300 _a197ص
336 _atext
_btxt
_2rdacontent
337 _aunmediated
_bn
_2rdamedia
338 _avolume
_bnc
_2rdacarrier
650 4 _aالانسان
_942578
999 _aA18241
_c21809
_d21809